Kapitálové a ďalšie požiadavky podľa Solventnosti II čo prináša nová regulačná smernica

Nové regulatórne požiadavky v rámci prípravy na Solventnosť II. Príprava orgánu dohľadu a poistného trhu na novú reguláciu. Akčný plán NBS s cieľom podchytiť aspekty implementácie Solventnosti II.

Salvato in:
Dettagli Bibliografici
Autore principale: Gondová, Andrea
Altri autori: Paluš, Peter
Natura: Capitolo di libro
Lingua:slovacco
Soggetti:
Tags: Aggiungi Tag
Nessun Tag, puoi essere il primo ad aggiungerne!!

MARC

LEADER 00000naa a2200000 4500
001 0135927
005 20221107085114.1
041 0 |a slo 
044 |a SK 
245 1 0 |a Kapitálové a ďalšie požiadavky podľa Solventnosti II  |b čo prináša nová regulačná smernica  |c Andrea Gondová, Peter Paluš 
520 |a Nové regulatórne požiadavky v rámci prípravy na Solventnosť II. Príprava orgánu dohľadu a poistného trhu na novú reguláciu. Akčný plán NBS s cieľom podchytiť aspekty implementácie Solventnosti II. 
610 2 0 |a poisťovníctvo 
610 2 0 |a trh poistný 
610 2 0 |a poisťovne 
610 2 0 |a rezervy technické 
610 2 0 |a poistenie životné 
610 2 0 |a poistenie neživotné 
610 2 0 |a riziko poistné 
610 2 0 |a dohľad nad finančným trhom 
610 2 0 |a regulácia 
610 2 0 |a smernice 
100 1 |a Gondová, Andrea 
700 1 |a Paluš, Peter